| 000 | 00836cab a2200241 4500 | ||
|---|---|---|---|
| 001 | ABS51363 | ||
| 008 | 090401t1994 xxu||||| |||| 00| 0 eng d | ||
| 035 | _a(Sirsi) u23363 | ||
| 041 | _aeng | ||
| 100 | _aBishop, D. | ||
| 245 | _aCDM Regulations - opportunities rather than impositions | ||
| 260 | _c1994 | ||
| 350 | _a0 | ||
| 490 |
_aCivil Engineering Surveyor _vSeptember 1994, 10-11(2) |
||
| 520 | _aHighlights the statutory duties on those responsible for implementing the Construction (Design and Management) Regulations once the enforcement date comes into force. | ||
| 650 | _aCONDAM REGULATIONS | ||
| 650 | _aCONSTRUCTION (DESIGN AND MANAGEMENT) REGULATIONS 1994 | ||
| 650 | _aCONSTRUCTION SITES | ||
| 650 | _aSITE SAFETY | ||
| 690 | _aBUILT ENVIRONMENT-BUILDING STANDARDS | ||
| 942 | _n0 | ||
| 948 | _c04/03/1997 | ||
| 999 |
_c15619 _d15619 |
||